Normal view
MARC view
Entry Topical Term
001 - CONTROL NUMBER
- control field: 24575
003 - CONTROL NUMBER IDENTIFIER
- control field: dpl
005 - DATE AND TIME OF LATEST TRANSACTION
- control field: 20101203115705.0
008 - FIXED-LENGTH DATA ELEMENTS
- fixed length control field: 101203|||a|||||| | ||| d
040 ## - CATALOGING SOURCE
- Original cataloging agency: dpl
- Transcribing agency: dpl
150 ## - HEADING--TOPICAL TERM
- Topical term or geographic name as entry element: Probability
- Form subdivision: Statistics
670 ## - SOURCE DATA FOUND
- Source citation: Work cat.: (dpl)39126: Sivapalan, J. 24574, Probability and Statistics /, 2010
670 ## - SOURCE DATA FOUND
- Source citation: Work cat.: (dpl)39126: Sivapalan, J. 24574, Probability and Statistics /, 2010
